000 00387nam a22001697a 4500
005 20180801144154.0
008 160621b xxu||||| |||| 00| 0 eng d
020 _a0-07-066287-8
041 _aeng
082 _b8834
_a658.3
100 _aFlipro,Edwin B
_92431
245 _aPersonal Management
260 _bTMH
_adelhi
300 _a588p,
650 _aManagement
_9241
942 _cBK
999 _c3446
_d3445